000 00503nam a2200181Ia 4500
999 _c37375
_d37375
003 OSt
005 20200930095138.0
008 190216s9999||||xx |||||||||||||| ||und||
040 _coclc
082 _a596
_bLAL/T
100 _aLal, S S
_95169
245 0 _aA Textbook Of Practical Zoology Invertebrate /
_cS S Lal
250 _a5th Ed.
260 _bRasthogi Publications,
_c1978.
_aMeerut:
300 _a326p
650 _aZoology
942 _cBK
_2ddc
_h596
_iLAL/T
_k596
_mLAL/T